000
00225nam a22000857a 4500
245
_a
Thozhilalikshema aanukoolyam cherukida rubber karshakarkkum
260
_b
Karshakasree, 29(1):70.
_c
2023
300
_b
January 2023
942
_c
JS
999
_c
74941
_d
74941